Ernesto : nuova edizione a cura di Maria Antonietta Grignani /

Uloženo v:
Podrobná bibliografie
Hlavní autor: Grignani, Maria Antonietta
Médium: Kniha
Jazyk:angličtina
Vydáno: Torino Einaudi stampa 1997
Edice:Einaudi Tascabili. Letteratura 312
Tagy: Přidat tag
Žádné tagy, Buďte první, kdo vytvoří štítek k tomuto záznamu!

MARC

LEADER 00000nam a2200000 4500
001 CDOM0000000719
003 mi
005 20250827143816.0
008 250827b |||||||| |||| 00| 0 eng d
020 |a 8806132989 
040 |c mi 
100 |a Grignani, Maria Antonietta 
245 1 |a Ernesto :  |b nuova edizione a cura di Maria Antonietta Grignani /  |c Umberto Saba 
260 |a Torino  |b Einaudi  |c stampa 1997 
300 |a XXIV, 156 p.  |c 20 cm. 
490 |a Einaudi Tascabili. Letteratura  |v 312 
942 |2 ddc  |c BK 
952 |0 0  |1 0  |2 ddc  |4 0  |6 B_LNR02SABUMERN12  |7 0  |9 5025  |a MI  |b MI  |d 2005-06-10  |i 4202  |l 0  |o B-LNR02-SABUM-ERN12  |p CDOM4202  |r 2025-07-07 11:14:00  |w 2025-07-07  |x ACQUISTO  |y BK 
999 |c 3938  |d 3938